[Event "Sparkassen-Open A"]
[Site "Heusenstamm, Martinsee"]
[Date "2016.11.27"]
[Round "7.94"]
[White "Pade, Joachim"]
[Black "Traut, Stefan"]
[Result "0-1"]
[WhiteElo "1672"]
[BlackElo "1738"]
[PlyCount "96"]
[EventDate "2016.??.??"]
[WhiteTeam "SV Alsfeld"]
[BlackTeam "SF Heusenstamm"]

1. e4 c5 2. a3 Nc6 3. b4 b6 4. b5 Na5 5. Bb2 d6 6. Nc3 Nf6 7. Nf3 g6 8. Nd5 Bg7
9. Nxf6+ Bxf6 10. Bxf6 exf6 11. h3 Qe7 12. Qe2 Bb7 13. d3 O-O 14. g3 Rfe8 15.
Nd2 Qe5 16. Rc1 Qc3 17. Bg2 Rad8 18. O-O d5 19. Nb1 Qe5 20. Kh2 dxe4 21. Qd2 f5
22. Rce1 Qd4 23. Re3 Qf6 24. Nc3 Nc4 25. Qe1 Nxe3 26. fxe3 Qe7 27. dxe4 Bxe4
28. Bxe4 fxe4 29. Ne2 Qe5 30. Nf4 f5 31. h4 Rd7 32. Rf2 Red8 33. Qb1 Qc3 34.
Qa2+ c4 35. Kh3 Rd2 36. Ne2 Qxc2 37. Qxc2 Rxc2 38. g4 fxg4+ 39. Kxg4 Rdd2 40.
Rf4 Rxe2 41. Rxe4 Rg2+ 42. Kf4 Kf7 43. Rd4 Rgd2 44. Re4 c3 45. Kg5 Rc1 46. Rc4
c2 47. Rc7+ Ke6 48. Rxa7 Rg1+ 0-1

[Event "Sparkassen-Open A"]
[Site "Heusenstamm, Martinsee"]
[Date "2016.11.27"]
[Round "7.95"]
[White "Gude, Michael"]
[Black "Fey, Karl-Heinz"]
[Result "1-0"]
[WhiteElo "1729"]
[BlackElo "1277"]
[PlyCount "37"]
[EventDate "2016.??.??"]
[WhiteTeam "SF Fürth"]
[BlackTeam "SC Haßloch"]

1. e4 c5 2. Nf3 Nc6 3. Bb5 Qc7 4. Nc3 e5 5. O-O Nf6 6. Re1 Be7 7. d3 b6 8. a3
a5 9. Bc4 h6 10. Nd5 Nxd5 11. exd5 Nd4 12. Nxe5 d6 13. Ng4 Bxg4 14. Qxg4 Nxc2
15. Qxg7 Rf8 16. Bxh6 Kd7 17. Rxe7+ Kxe7 18. Bb5 Nxa1 19. Bg5# 1-0

[Event "Sparkassen-Open A"]
[Site "Heusenstamm, Martinsee"]
[Date "2016.11.27"]
[Round "7.96"]
[White "Schmitt, Clemens"]
[Black "Diener, Carolin Valeria"]
[Result "1/2-1/2"]
[WhiteElo "1757"]
[BlackElo "1699"]
[PlyCount "87"]
[EventDate "2016.??.??"]
[WhiteTeam "SV Bergwinkel"]
[BlackTeam "SK Bad Homburg"]

1. c4 e6 2. g3 Nf6 3. Bg2 d5 4. Nf3 c6 5. O-O Bd6 6. d4 O-O 7. Nc3 Nbd7 8. Qc2
Re8 9. e4 dxe4 10. Ng5 e5 11. Ncxe4 Nxe4 12. Nxe4 Be7 13. d5 cxd5 14. cxd5 Nf6
15. Nc3 Bd7 16. Re1 Bd6 17. Bg5 h6 18. Ne4 Bf5 19. Bxf6 Bxe4 20. Bxd8 Bxc2 21.
Ba5 b6 22. Bc3 Bg6 23. Rac1 Rac8 24. Bf1 f6 25. Bb5 Red8 26. Bd2 Bf7 27. Rxc8
Rxc8 28. Bc6 Kf8 29. Kf1 Ke7 30. Bc3 Be8 31. Rc1 Bh5 32. Bd2 Bc5 33. b4 Bd4 34.
b5 Bc5 35. a4 Kd6 36. Re1 Bf3 37. Be3 Bb4 38. Rb1 Ba5 39. Bc1 Bxd5 40. Ba3+ Ke6
41. Bxd5+ Kxd5 42. Rd1+ Ke6 43. Rd6+ Kf5 44. Rc6 1/2-1/2